=LDR 00000nam 2200000 4500 =001 INLIS000000000042916 =005 20200805074602 =035 ##$$a 0010-101300000000838 =008 200805################g##########0#ind## =082 ##$$a 2x0.001 3 =090 ##$$a 2x0.001 3, Put h =100 ##$$a Putra, Dalizar =245 1#$$a HAM Hak Asasi Manusia menurut Al Qur'an /$c Drs Dalizar Putra =260 ##$$a Jakarta :$b Al Husna Zikra,$c 1995 =300 ##$$a x, 100 hlm ; $c 20 x 14 cm =850 ##$$a NBPNMAT =084 ##$$a 2x0.001 3 PUT h =250 ##$$a cet. 2 =650 #4$$a Islam- Hak asasi manusia =504 ##$$a Bibliografi: halaman 98-100 =990 ##$$a 101.797/pro-96